[Event "Belgrade Super"]
[Site "Belgrade"]
[Date "1996.??.??"]
[Round "3"]
[White "Bareev, Evgeny"]
[Black "Karpov, Anatoly"]
[Result "1-0"]
[WhiteElo "2645"]
[BlackElo "2770"]
[Annotator "Bareev,E"]
[PlyCount "85"]
[EventDate "1996.02.??"]
[EventType "tourn"]
[EventRounds "11"]
[EventCountry "YUG"]
[EventCategory "16"]
[SourceTitle "CBM 052"]
[Source "ChessBase"]
[SourceDate "1996.06.01"]
[SourceVersion "1"]
[SourceVersionDate "1996.06.01"]
[SourceQuality "1"]

1. d4 {Hecht Ftacnik Karpov} Nf6 2. c4 e6 3. Nf3 b6 4. a3 Bb7 5. Nc3 d5 6. cxd5
Nxd5 7. Qc2 Nxc3 8. Qxc3 Nd7 9. Bg5 Be7 10. Bxe7 Kxe7 11. g3 (11. d5 {Ftacnik}
Bxd5 12. Qxg7 $13) 11... Nf6 12. Bg2 Qd6 13. b4 (13. O-O Rhc8 (13... Rac8 14.
b4 Rhd8 15. e3 c5 16. bxc5 bxc5 17. dxc5 Rxc5 18. Qb4 Be4 19. Rad1 Rd5 {
1/2-1/2 Jakobsen,P-Brinck Claussen,B/Tastrup (03)/1995/ (24)}) 14. Rfd1 (14. b4
$5 c5 (14... a5 $5 15. Rab1 (15. b5 c6 (15... c5 16. Rfd1 $14 {>< c6}) 16. bxc6
Bxc6 {/\ Kf8, b5=}) (15. bxa5 {Ftacnik} Rxa5 16. Ne5 Bxg2 17. Kxg2 Ra4 $132)
15... axb4 16. axb4 Be4 $10 {<=> <->a, >< b4}) 15. dxc5 (15. bxc5 bxc5 16. Rab1
Be4 $10) 15... bxc5 16. b5 (16. Qe3 {Ftacnik} cxb4 17. Nh4 Qd7 18. Nf5+ Kf8 19.
Bxb7 Qxb7 20. Nd6 Qb6 21. Qxb6 axb6 22. Nxc8 Rxc8 23. axb4 {1-0 Gomez Esteban,
J-Sokolov,A/Pamplona9394 (07)/1993 (56)}) 16... a6 $5 17. a4 $5 axb5 18. axb5
Rxa1 (18... Qb6 {Ftacnik} 19. Rab1 $14) 19. Rxa1 Qb6 20. Qa5 $1 $14) 14... c5
15. Rac1 cxd4 16. Qxd4 Qxd4 17. Nxd4 Rxc1 $1 (17... Bxg2 $2 {Ftacnik} 18. Kxg2
$14) 18. Rxc1 Rc8 $1 $10 {[]} 19. Rxc8 Bxc8 20. Nc6+ Kd6 21. f4 (21. Nxa7 $2 {
Ftacnik} Bd7 $17) 21... Bd7 22. Ne5 Be8 23. b4 Nd7 24. Nc4+ Kc7 25. Kf2 Nb8 {
1-0 Magerramov,E-Makarichev,S/Pavlodar/1987/ (54)}) 13... Rad8 $1 $146 (13...
Rhc8 $5) 14. O-O Bxf3 (14... Be4 {Ftacnik} 15. Rfc1 Nd5 16. Qc4 $16) 15. Bxf3
Qxd4 16. Qxc7+ Rd7 (16... Qd7 17. Qc4 Rc8 18. Qa6 Rhd8 19. a4 $10) 17. Qc2 Qe5
(17... Rhd8 18. Bc6 Rd6 19. Qa4 a5 $10) 18. Rac1 Rhd8 19. Bc6 Rd2 (19... Rc7 {
Ftacnik} 20. Rfd1 Rdc8 21. Qd3 $16) 20. Qa4 a5 (20... Rxe2 {Ftacnik} 21. Qxa7+
Kf8 22. Qxb6 $18) 21. Bf3 $2 (21. Bb5 $5 $14) 21... g5 $1 $17 (21... axb4 22.
Qxb4+ Qd6 23. Qb3 $16) 22. Rc6 $1 R8d6 (22... Rb8 $10 {Karpov}) (22... g4 23.
Bg2 Qxe2 24. Rxb6 Nd7 25. Rb7 axb4 26. Qxb4+ Ke8 27. Bc6 $16) 23. Rxd6 Rxd6 (
23... Qxd6 24. bxa5 bxa5 25. e3 $16) 24. bxa5 bxa5 (24... Qxa5 25. Qxa5 (25.
Qb3 $16 {Ftacnik}) 25... bxa5 26. Rc1 $10) 25. Qc2 h6 $2 (25... g4 $1 26. Bc6
$16 (26. Bg2 Rb6 $15)) 26. Rc1 Rd4 $2 (26... g4 $2) (26... Kf8 $5 27. Rb1) 27.
e3 Rd6 28. h3 Nd7 (28... Kf8 29. Qc5 Qxc5 30. Rxc5 Ra6 31. Kf1 $16) 29. Bc6 Nb8
$2 (29... Nf6 $10 30. Ba4 Kf8 $5) 30. Ba4 $1 Nd7 (30... Kf6 31. Qh7 $18) 31.
Qc8 {/\Rc7 /\Rc7/} (31. Qh7 Qb2 $13) 31... Qe4 (31... Qb2 32. Rc7) 32. Bxd7
Rxd7 33. Rc7 (33. Qc5+ $5 $16) 33... Rxc7 (33... Qd5 34. Rxd7+ Qxd7 35. Qc5+
Kf6 36. Qxa5 $18) 34. Qxc7+ {Hecht: D-D: weißer Mehrfreibauer am Damenflügel
bei ungünstiger schwarzer K-Pos.} Kf6 $138 {(+)/} 35. Qxa5 {Ftacnik: Black
doesn't have enough counter chances and a pawn can not be stopped.} Qb1+ 36.
Kh2 Qc2 (36... Qf1 37. Qd2 Kg6 38. a4 f5 39. a5 $18) (36... Qb2 {Hecht} 37.
Qd8+ Kg6 38. Qd3+ f5 39. Kg2 $16) 37. Qe1 Qa2 (37... e5 38. e4 Kg6 39. Kg2) 38.
Qc3+ e5 (38... Kg6 39. Qd3+ f5 40. Kg2 $16) 39. Kg2 Qd5+ $2 (39... h5 $5 40.
Qc6+ Kg7 41. a4 f5 $2 {Absicht: e4 und De2 scheitert an} 42. Qc7+ Kf6 43. Qd6+
$18) (39... Kg6 $5 40. Qc6+ f6 41. a4 h5 42. Qa8 {Idee: a5-a6 und Db7}) 40. e4
$18 Qa2 (40... Qxe4+ 41. Qf3+ Qxf3+ 42. Kxf3 Ke6 43. a4 f5 44. g4 $1 $18) 41.
Qc5 Kg6 (41... Qb2 42. Qf8 $18) (41... Qe6 {Ftacnik} 42. a4 $18) 42. Qd6+ Kh7 (
42... f6 43. Qd5 Qxa3 44. Qg8+ $18 (44. Qg8+ {Ftacnik} Kh5 45. Qf7#)) 43. Qd5 (
43. Qd5 $1 {Ftacnik} Qxa3 44. Qxf7+ Kh8 45. Qf6+ Kh7 46. Qf5+ Kg7 47. Qxe5+ $18
) 1-0

[Event "Minsk International"]
[Site "Minsk"]
[Date "1982.05.11"]
[Round "4"]
[White "Rivas Pastor, Manuel"]
[Black "Psakhis, Lev"]
[Result "1-0"]
[WhiteElo "2470"]
[BlackElo "2545"]
[Annotator "Belov,I"]
[PlyCount "57"]
[EventDate "1982.05.07"]
[EventType "tourn"]
[EventRounds "15"]
[EventCountry "URS"]
[EventCategory "11"]
[SourceTitle "MCL"]
[Source "ChessBase"]
[SourceDate "1999.07.01"]
[SourceVersion "1"]
[SourceVersionDate "1999.07.01"]
[SourceQuality "1"]

1. d4 Nf6 2. Nf3 e6 3. c4 c5 4. e3 $5 b6 5. Nc3 cxd4 (5... Bb7 6. d5 exd5 7.
cxd5 g6 8. e4 Bg7 9. Be2 O-O 10. O-O d6 {Huebner,R-Beliavsky,A/Groningen/1993/
1:0 (77) Inf 59/550/} 11. Bg5 $1 $14 {Huebner/}) 6. exd4 Bb7 7. a3 (7. Bd3 d6 (
7... Be7 8. O-O O-O 9. d5 $1 $14) 8. O-O Nbd7 9. d5 e5 10. Ng5 h6 11. Nge4 $14
{Goldin,A-Vaisser,A/Novosibirsk/1993/1:0 (41)/}) 7... d5 8. cxd5 Nxd5 9. Bb5+ (
9. Ne5 $5 a6 10. Qf3 $1 (10. Qh5 g6 11. Qf3 f6 12. Ng4 Bg7 13. Bc4 O-O 14. O-O
Qd7 15. Qh3 $14 {Yermolinsky,A-Oll,L/URS/1986/}) 10... Qe7 11. Ne4 Qc7 12. Ng5
$1 Nb4 13. Qxf7+ Qxf7 14. Nexf7 $1 Nc2+ 15. Kd1 Nxa1 16. Nxh8 Nc6 17. Be3 $16)
9... Bc6 10. Bd3 Nd7 11. O-O Be7 12. Ne4 Qc7 $6 (12... O-O $142) 13. Bg5 N5f6
$6 (13... O-O $5 14. Rc1 Qb7 15. Qe2 $1 $14) 14. Rc1 Qb7 15. Bxf6 Nxf6 $2 (
15... gxf6 $5) 16. Rxc6 $1 $16 Qxc6 17. Ne5 Qc8 (17... Qd5 18. Qa4+ Kf8 19. Ng5
) 18. Bb5+ Kf8 19. Ng5 a6 20. Ba4 Rg8 21. Qf3 (21. Nxh7+ Nxh7 22. Nd7+ $18)
21... g6 22. Bd7 $1 Qb8 23. Bxe6 $18 Rg7 (23... fxe6 24. Nxe6+ Ke8 25. Qc6+ $18
) 24. Bxf7 Rxf7 25. Ngxf7 Kg7 26. Ng5 Qc8 27. Re1 h6 28. Ne6+ Kh7 29. Nf4 1-0

[Event "St Petersburg zt"]
[Site "St Petersburg"]
[Date "1993.??.??"]
[Round "1"]
[White "Gavrilov, Alexei"]
[Black "Balashov, Yuri S"]
[Result "0-1"]
[WhiteElo "2400"]
[BlackElo "2545"]
[Annotator "Belov,I"]
[PlyCount "80"]
[EventDate "1993.01.??"]
[EventType "swiss"]
[EventRounds "9"]
[EventCountry "RUS"]
[SourceTitle "CBM 034"]
[Source "ChessBase"]
[SourceDate "1993.06.01"]
[SourceVersion "1"]
[SourceVersionDate "1993.06.01"]
[SourceQuality "1"]

1. d4 Nf6 2. c4 e6 3. Nf3 b6 4. Nc3 Bb7 5. a3 g6 6. Qc2 (6. Bg5 Bg7 7. e3 h6 8.
Bh4 d6 (8... g5 $142 9. Bg3 Nh5 $13) 9. d5 e5 10. Nd2 $1 O-O 11. e4 Nbd7 12. f3
Qe8 13. g4 Nh7 14. Bd3 Bf6 15. Bf2 Bg5 16. h4 $16 {Ikonnikov-Maksimovic,B/
Cheliabinsk/1990-91/}) (6. d5 Bg7 7. Bg5 (7. g3 Na6 8. Bg2 Nc5 9. O-O O-O $10)
7... h6 8. Bh4 O-O 9. e3 a5 10. Bd3 Na6 11. Bc2 Nc5 12. O-O a4 13. e4 d6 $10 {
Gelfand,B-Christiansen,L/Muenchen/1991/}) (6. Bf4 Bg7 7. e3 O-O 8. Be2 d6 9.
Qc2 Nbd7 10. O-O Nh5 (10... Qe7 11. h3 e5 12. Bh2 exd4 13. exd4 Rfe8 14. Rae1
$14 {Dreev-Balashov,Y/Odessa URS-ch/1989/}) 11. Bg5 Qe8 (11... Bf6 $10) 12. Nd2
f5 13. Nb5 Qb8 14. d5 e5 15. e4 $14 {Dreev,A-Romanishin,O/Simferopol/1988/})
6... Bxf3 $5 (6... Bg7 7. e4 O-O 8. Bg5 (8. Be2 d5 9. cxd5 exd5 10. e5 Ne4 11.
Bf4 c5 12. Rd1 {Dreev,A-Smirin,I/Riga/1987/} Qc8 $15) 8... h6 9. Be3 (9. Bh4 g5
10. Bg3 Nh5 $13 {Kalinichev-Botvinnik,I/Minsk/1987/}) 9... d6 10. h3 Nbd7 11.
Be2 d5 12. cxd5 exd5 13. e5 Ne4 14. Bd3 c5 15. Nxe4 cxd4 16. Bxd4 dxe4 17. Bxe4
Rc8 18. Qe2 $16 {Dreev,A-Sorokin/St.Peterburg zt/1993/}) 7. gxf3 Nc6 (7... Bg7
8. Bg5 $1 h6 9. Bh4 Nc6 10. O-O-O Ne7 11. d5 exd5 12. cxd5 Nf5 13. Bg3 O-O 14.
e4 Nxg3 15. hxg3 Qe7 16. f4 $16 {Dorfman,I-Romanishin,O/Polanica Zdroj/1992/})
8. e3 Bg7 9. f4 O-O (9... Ne7 10. Bg2 d5 (10... c6 $5 {/\ Nf5, d5}) 11. cxd5
exd5 12. O-O O-O 13. Bh3 Ne8 14. Bd2 Nd6 15. Rac1 $14 {Lputian,Sm-Romanishin,O/
Erevan/1989/}) 10. Bg2 Na5 $5 11. Bxa8 $6 (11. Ne2 $1 d5 12. cxd5 exd5 13. O-O
Qd7 14. Bd2 Nc4 15. Bb4 Rfc8 16. b3 Nd6 17. Bxd6 $1 Qxd6 18. Bh3 Re8 19. b4 $14
{Pavlovic,M-Romanishin,O/Erevan/1988/}) 11... Qxa8 12. O-O Nxc4 13. Qe2 (13.
Nb5 $5 d5 14. b3) 13... Nd6 $44 14. Bd2 Nf5 15. Rad1 (15. b4 $5) 15... c5 16.
dxc5 bxc5 $15 17. e4 (17. b4 cxb4 18. axb4 d5 19. Nb5 Ne4 $17) 17... Nd4 18.
Qd3 d5 19. f3 Nh5 20. Qa6 $6 (20. Bc1 $5) (20. Be3 $6 c4 21. Qd2 Nb3 22. Qe2 d4
23. Qxc4 dxe3 24. Qxb3 Nxf4 $17) 20... Nb3 21. exd5 $8 (21. Bc1 Nxc1 22. Rxc1
Nxf4 $17) (21. f5 dxe4 22. fxe4 exf5 23. exf5 Bd4+ $19) 21... exd5 22. f5 Nd4
23. Bg5 (23. fxg6 fxg6 {x f3}) 23... Nxf5 $17 24. Kh1 (24. Rxd5 Bxc3 $19) (24.
Nxd5 Bd4+ $19) 24... h6 25. Bc1 Rd8 26. Qa5 Bf8 27. Ne4 Rc8 28. Nc3 Nf6 29. Bf4
(29. Rde1 $142 d4 30. Ne4 $17) 29... d4 30. Ne2 Nd5 31. Rf2 Re8 32. Qd2 Nde3
33. Rg1 Nh4 $19 34. Rg3 Nef5 35. Rh3 $8 c4 36. Ng1 d3 37. Bg3 Be7 38. Bxh4 Bxh4
39. Rg2 Qd5 40. Qf4 Bg5 0-1

[Event "Moscow"]
[Site "Moscow"]
[Date "1981.04.??"]
[Round "3"]
[White "Timman, Jan H"]
[Black "Petrosian, Tigran V"]
[Result "1/2-1/2"]
[WhiteElo "2620"]
[BlackElo "2585"]
[Annotator "Belov,I"]
[PlyCount "66"]
[EventDate "1981.04.08"]
[EventType "tourn"]
[EventRounds "13"]
[EventCountry "URS"]
[EventCategory "15"]
[SourceTitle "MCL"]
[Source "ChessBase"]
[SourceDate "1999.07.01"]
[SourceVersion "1"]
[SourceVersionDate "1999.07.01"]
[SourceQuality "1"]

1. c4 Nf6 2. Nc3 e6 3. Nf3 b6 4. d4 Bb7 5. a3 d5 6. cxd5 Nxd5 7. e3 Be7 8. Bb5+
c6 9. Bd3 c5 (9... O-O $142 $10) (9... Nxc3 10. bxc3 c5 $10) 10. Qa4+ (10. Nxd5
$142 Qxd5 11. dxc5 Bxc5 12. Bb5+ Ke7 13. Qe2 a5 14. Bd2 Rd8 15. Bc3 Kf8 16. O-O
$14 {Gheorghiu,F-Karpov,An/Moscow/1981/0,5 (16)/}) 10... Qd7 11. Qc2 Nxc3 12.
bxc3 Nc6 (12... Qc7 $142 $1 $10) 13. Bb2 (13. Bxh7 g6 14. Bxg6 fxg6 15. Qxg6+
Kd8 $17 (15... Kf8 $6 16. e4 $16 {/\ Bh6/})) (13. O-O Rc8 14. Qe2 O-O $10)
13... Rc8 14. c4 $6 (14. O-O O-O $10) 14... cxd4 15. exd4 f6 $1 {/\ Na5/} (
15... h6 16. O-O O-O 17. Rad1 Bf6 18. d5 $16) 16. Bxh7 $6 (16. Qe2 $142 Na5 17.
Rc1 O-O 18. O-O $10) 16... Na5 17. Bd3 Bd5 18. Nd2 Qc7 19. h3 (19. Rc1 Rxh2 20.
Rxh2 Qxh2 $17) 19... Nxc4 20. Bxc4 Bxc4 21. Rc1 b5 22. Nxc4 bxc4 23. Qg6+ Kf8
24. O-O Qb7 $15 25. Rc2 Qd5 26. Re1 Rh6 27. Qe4 (27. Qg4 Kf7 28. Rce2 Rc6)
27... Qxe4 28. Rxe4 Kf7 29. Re3 $1 Rh5 30. Rec3 Ra5 31. Rxc4 (31. Kf1 $2 Ra4
$17) 31... Rxc4 32. Rxc4 Bxa3 33. Bxa3 Rxa3 1/2-1/2

[Event "Moscow"]
[Site "Moscow"]
[Date "1981.04.??"]
[Round "10"]
[White "Polugaevsky, Lev"]
[Black "Petrosian, Tigran V"]
[Result "1-0"]
[WhiteElo "2620"]
[BlackElo "2585"]
[Annotator "Belov,I"]
[PlyCount "91"]
[EventDate "1981.04.08"]
[EventType "tourn"]
[EventRounds "13"]
[EventCountry "URS"]
[EventCategory "15"]
[SourceTitle "MCL"]
[Source "ChessBase"]
[SourceDate "1999.07.01"]
[SourceVersion "1"]
[SourceVersionDate "1999.07.01"]
[SourceQuality "1"]

1. Nf3 Nf6 2. c4 b6 3. Nc3 Bb7 4. d4 e6 5. a3 d5 6. cxd5 Nxd5 7. e3 Be7 8. Bb5+
c6 9. Bd3 Nxc3 10. bxc3 c5 11. O-O O-O (11... Nc6 $142 12. Bb2 (12. e4 Rc8 13.
Be3 cxd4 14. cxd4 O-O 15. Qe2 Na5 $10) 12... Rc8 13. Qe2 O-O 14. Rad1 cxd4 15.
cxd4 Bf6 16. e4 Na5 $10) 12. Qc2 {Kasparov/} (12. e4 $5 cxd4 13. cxd4 Nc6 14.
Be3 $14) 12... g6 13. e4 Qc7 $6 (13... Nc6 14. Bh6 Re8 15. Rfd1 $14 {Kasparov,
G-Petrosian,T/Moscow/1981/0:1 (42) Inf 31/585/}) 14. Qe2 Rd8 15. h4 $1 Nc6 16.
Be3 Bf6 (16... e5 $142 17. d5 Na5 18. h5 c4 19. Bc2 $14 {Cebalo,M-Toth,B/Budva/
1981/1:0 (46) Inf 32/593/}) 17. e5 Bg7 18. h5 $16 Rd7 19. hxg6 (19. Rad1 $5 {
/\ Ng5/}) 19... hxg6 20. Rad1 cxd4 21. cxd4 Qd8 {/\ Nd4!?/} 22. Be4 Ne7 $6 (
22... Rb8 $142 23. Bg5 Ne7 24. Qe3 Qf8 $16) 23. Ng5 Nf5 (23... Nd5 24. Bd2 $1)
24. Qg4 $1 Bd5 (24... Bxe4 25. Nxe4 Nxd4 $2 26. Bxd4 Rxd4 27. Rxd4 Qxd4 28.
Nf6+ $18) (24... Nxe3 25. fxe3 Bh6 26. Nxe6 $1 Bxe3+ 27. Kh2 Qe8 28. Bxg6 $1
fxg6 29. Rf8+ Qxf8 30. Nxf8 $18) 25. Bxf5 $1 (25. Bxd5 Rxd5 26. Ne4 Qd7 $1 $13)
25... gxf5 (25... exf5 26. Qh3 {/\ Qh7,Nh3/}) 26. Qh5 f6 27. Qh7+ Kf8 28. Nh3
$1 {/\ Bh6/} (28. exf6 $6 Qxf6) 28... Qe7 (28... fxe5 29. dxe5 Bxe5 $2 30. Bh6+
Bg7 31. Qh8+ $18) 29. exf6 $1 (29. Nf4 Qf7 30. Nh5 Ke8 $16) 29... Qxf6 30. Bg5
Qf7 31. Nf4 $18 Bf6 (31... Qg8 32. Ng6+ Kf7 33. Qh5 $18) 32. Qh6+ Ke7 (32...
Bg7 33. Qh4 {/\ Rd3-g3/}) 33. Rc1 $1 (33. Ng6+ $16) 33... Rad8 34. Rfe1 $1 (34.
Nh5 Bxg5 35. Qxg5+ Kd6 36. Nf6 Qg7 $1 $13) 34... Bxg5 (34... Rg8 35. Nxd5+ $18)
35. Qxg5+ Qf6 (35... Ke8 36. Rc3 $18 {/\ Rh3/}) 36. Ng6+ Kf7 37. Ne5+ Ke7 38.
Ng6+ Kf7 39. Ne5+ Ke7 40. Qxf6+ Kxf6 41. Nxd7+ Rxd7 42. f3 b5 43. Kf2 Rb7 44.
Rh1 Rb6 45. Rc7 Ra6 $2 46. f4 (46. f4 Kg6 47. Rch7 {/\ R1h6#/}) 1-0

[Event "Moscow"]
[Site "Moscow"]
[Date "1994.??.??"]
[Round "7"]
[White "Zlochevskij, Alexander"]
[Black "Ivanov, Victor L"]
[Result "1-0"]
[WhiteElo "2485"]
[BlackElo "2385"]
[Annotator "Belov,I"]
[PlyCount "65"]
[EventDate "1994.??.??"]
[EventType "tourn"]
[EventRounds "14"]
[EventCountry "RUS"]
[EventCategory "9"]
[SourceTitle "CBM 040"]
[Source "ChessBase"]
[SourceDate "1994.06.01"]
[SourceVersion "1"]
[SourceVersionDate "1994.06.01"]
[SourceQuality "1"]

1. d4 Nf6 2. c4 e6 3. Nf3 b6 4. a3 Bb7 5. Nc3 g6 6. Qc2 $1 Bg7 (6... Bxf3 7.
gxf3 Nc6 $5 (7... Bg7 8. Bg5 $1 h6 9. Bh4 Nc6 (9... g5 10. Bg3 Nh5 11. e3 d6
12. Be2 c5 13. d5 $1 Nxg3 14. hxg3 Bxc3+ 15. Qxc3 e5 16. f4 $16 {Beliavsky,
A-Christiansen,L/Groningen/1992/1:0 (30) Inf 56/584/}) 10. O-O-O Ne7 11. d5
exd5 (11... Nf5 12. Bg3 Nh5 13. dxe6 fxe6 14. Nb5 Nhxg3 15. hxg3 a6 16. Nc3 b5
17. g4 Ne7 18. c5 $16 {Savchenko,S-Davies,N/Groningen(op)/1992/1:0 (37)}) 12.
cxd5 Nf5 13. Bg3 O-O 14. e4 Nxg3 15. hxg3 Qe7 16. f4 $16 {Dorfman,J-Romanishin,
O/Polanica Zdroj/1992/0,5 (39) Inf 55/499/}) 8. e3 Bg7 9. f4 O-O 10. d5 $1 (10.
Bg2 Na5 11. Bxa8 Qxa8 12. O-O Nxc4 13. Qe2 Nd6 $44 {Gavrilov,A-Balashov,Y/
S-Peterburg(zt)/1993/0:1 (40)/}) 10... exd5 11. cxd5 Ne7 12. Bg2 c6 13. dxc6
dxc6 14. O-O Qc8 15. Ne2 $1 $14 {Sakaev,K-Davies,N/Groningen/1992/0,5 (22)/})
7. e4 O-O (7... d5 $6 8. cxd5 exd5 9. e5 Ne4 10. Bd3 f5 11. exf6 Nxf6 12. Qe2+
$1 Qe7 13. Qxe7+ Kxe7 14. O-O $16 {Christiansen,L-Schroll,G/Wien/1991/1:0 (22)/
}) 8. Bg5 h6 9. Be3 $5 d6 10. h3 (10. Be2 $5) 10... Nbd7 11. Be2 d5 (11... c5
12. d5 $16) 12. cxd5 exd5 13. e5 Ne4 14. Bd3 Nxc3 $146 (14... f5 15. exf6 Ndxf6
16. Ne5 $16) (14... c5 15. Nxe4 cxd4 16. Bxd4 dxe4 17. Bxe4 Rc8 18. Qe2 Bxe4
19. Qxe4 Rc4 20. Qe2 Qc7 21. O-O Re8 22. Rfe1 $16 {Dreev,A-Sorokin,M/
S-Peterburg(zt)/1993/1:0 (63)/}) 15. bxc3 Re8 $6 (15... c5 $5 16. e6 fxe6 17.
Bxg6 Rc8 18. Qd2 Qf6 $13) 16. h4 $1 $16 Nf8 (16... h5 17. Bxg6 (17. Rg1 Nf8 18.
g4 hxg4 19. Rxg4 Qd7 20. Rg3 $16) 17... fxg6 18. Qxg6 Nf8 19. Qxh5 Qe7 20. Ng5
$44) 17. h5 g5 18. Nxg5 $1 hxg5 19. h6 Bh8 20. h7+ Kg7 21. f4 (21. Qe2 Re6 22.
Qh5 f6 23. f4 $44) 21... gxf4 (21... f6 22. Qe2 fxe5 23. fxe5 Ne6 24. Qh5 $18)
22. Bxf4 Re6 $8 23. O-O-O Qe7 (23... Nd7 24. Qe2 Kf8 25. Qg4 $18 Qe7) 24. Kb2
f6 (24... c5 25. Qe2 c4 26. Qg4+ Rg6 27. Bh6+ $18) 25. Qe2 fxe5 26. Qg4+ Kf7 (
26... Ng6 27. Bxe5+ Rxe5 28. Qxg6+ Kf8 29. Qg8#) 27. Bg5 Qd6 28. Qh5+ Ng6 29.
Rdf1+ Ke8 30. Bxg6+ Rxg6 31. Rf6 $1 Bxf6 32. Qxg6+ Kd7 33. Qxf6 1-0